Commonly used Japanese words (boys) - Statistics

General Stats
  • This quiz has been taken 1,166 times
  • The average score is 5 of 15
Answer Stats
Hint Answer % Correct
me boku
86%
stupid baka
81%
car kuruma
56%
woman onna
54%
you kimi
48%
money kane
47%
hey oi
43%
strong tsuyoi
41%
impossible muri
38%
we bokura
22%
cellphone ketai
14%
heart mune
8%
me jibun
6%
sexy bijin
5%
bye jaa mata
2%
No matching quizzes found
Score Distribution
Percent of People with Each Score
Percentile by Number Answered
Your Score History
You have not taken this quiz